| 000 | 01231cam a2200193 4500500 | ||
|---|---|---|---|
| 005 | 20260322003532.0 | ||
| 041 | _afre | ||
| 042 | _adc | ||
| 100 | 1 | 0 |
_aDisnan, Giulia _eauthor |
| 700 | 1 | 0 |
_aCrétolle, Célia _eauthor |
| 700 | 1 | 0 |
_aSarnacki, Sabine _eauthor |
| 700 | 1 | 0 |
_aGueniche, Karinne _eauthor |
| 245 | 0 | 0 | _aAbout children with malformative fecal incontinence and their relationships with their families |
| 260 | _c2025. | ||
| 500 | _a58 | ||
| 520 | _aThe psychological implications of malformative fecal incontinence have been the subject of very few scientific studies, both in adults and children. The singular bodily experience induced by these conditions and their medical-surgical treatments is likely to have a significant impact on family relationships. This article examines this clinical context, with a specific focus on the relational modalities developed by these children with their parents. The questions raised are currently being explored as part of an ongoing doctoral research project. | ||
| 786 | 0 | _nLa psychiatrie de l’enfant | 68 | 2 | 2025-10-03 | p. 319-331 | 0079-726X | |
| 856 | 4 | 1 | _uhttps://shs.cairn.info/journal-la-psychiatrie-de-lenfant-2025-2-page-319?lang=en&redirect-ssocas=7080 |
| 999 |
_c1732907 _d1732907 |
||